Application of GPS trajectory planning of UAV using microcontroller based system /
Saved in:
| 主要作者: | |
|---|---|
| 格式: | Thesis |
| 语言: | English |
| 出版: |
Gombak, Selangor :
Kulliyyah of Engineering, International Islamic University Malaysia,
2008
|
| 主题: | |
| 在线阅读: | Click here to view 1st 24 pages of the thesis. Members can view fulltext at the specified PCs in the library. |
| 标签: |
添加标签
没有标签, 成为第一个标记此记录!
|
| LEADER | 022840000a22004090004500 | ||
|---|---|---|---|
| 001 | 443746 | ||
| 005 | 20230419143734.0 | ||
| 008 | 090604t2008 my a g 000 0 eng | ||
| 035 | |a (Sirsi) 443746 | ||
| 040 | |a UIAM |b eng | ||
| 043 | |a a-my-- | ||
| 050 | 0 | 0 | |a UG1242.D7 |
| 100 | 0 | |a Mohamed Shehzad bin Mohamed Islam |9 90487 | |
| 245 | 1 | 0 | |a Application of GPS trajectory planning of UAV using microcontroller based system / |c by Mohamed Shehzad Bin Mohamed Islam |
| 260 | |a Gombak, Selangor : |b Kulliyyah of Engineering, International Islamic University Malaysia, |c 2008 | ||
| 300 | |a xiv, 155 leaves : |b ill. ; |c 30 cm. | ||
| 336 | |2 rdacontent | ||
| 337 | |2 rdamedia | ||
| 338 | |2 rdacarrier | ||
| 500 | |a "A dissertation submitted in partial fulfilment of the requirements for the degree of Master of Science in Mechatronics Engineering."--On t.p. | ||
| 500 | |a Abstract in English and Arabic. | ||
| 502 | |a Thesis (MSc. MCT)--International Islamic University Malaysia, 2008. | ||
| 504 | |a Includes bibliographical references (leaves 92-95). | ||
| 530 | |a Also available on 4 3/4 in. computer optical disc. | ||
| 650 | 0 | |a Drone aircraft |x Control systems |9 15501 | |
| 650 | 0 | |a Global Positioning System |9 90488 | |
| 655 | 0 | 7 | |a Theses, IIUM local |
| 690 | 0 | |a Dissertations, Academic |x Kulliyyah of Engineering |z IIUM | |
| 710 | 2 | |a International Islamic University Malaysia. |b Kulliyyah of Engineering |9 4827 | |
| 730 | |a Application of GPS trajectory planning of UAV using microcontroller based system |h [electronic resource] |9 90489 | ||
| 856 | 4 | |u http://studentrepo.iium.edu.my/handle/123456789/4892 |z Click here to view 1st 24 pages of the thesis. Members can view fulltext at the specified PCs in the library. | |
| 900 | |a nhh-hj-ajt-naw | ||
| 942 | |2 lcc |n 0 | ||
| 999 | |c 433946 |d 464196 | ||
| 952 | |0 0 |6 LU T UG 1242 D7 M697A 2008 |7 0 |8 THESES |9 755210 |a IIUM |b IIUM |c CLOSEACCES |g 0.00 |o lu t UG 1242 D7 M697A 2008 |p 00011098239 |r 2017-10-25 |t 1 |v 0.00 |y THESIS | ||
| 952 | |0 0 |6 T UG 001242 D7 M697A 2008 |7 0 |8 THESES |9 756164 |a IIUM |b IIUM |c MULTIMEDIA |g 0.00 |o t UG 1242 D7 M697A 2008 |p 00011274512 |r 2017-10-20 |t 1 |v 0.00 |y THESIS | ||
| 952 | |0 0 |6 TS CDF UG1242D7M697A 2008 |7 0 |8 THESES |9 834526 |a IIUM |b IIUM |c MULTIMEDIA |g 0.00 |o ts cdf UG1242D7M697A 2008 |p 11100326952 |r 2017-10-26 |t 1 |v 0.00 |y THESISDIG | ||
